[Event "XVII Orsha-2019 Open"]
[Site "Orsha"]
[Date "2019.01.18"]
[Round "2.27"]
[White "Davidov, Alexey"]
[Black "Pogosian, Georgy"]
[Result "0-1"]
[WhiteElo "1688"]
[BlackElo "2090"]
[PlyCount "104"]
[EventDate "2019.01.18"]
[EventType "swiss"]
[EventCountry "BLR"]
[TimeControl "5400+30"]

1. e4 e6 2. d4 d5 3. Nd2 Nf6 4. Bd3 c5 5. c3 Nc6 6. e5 Nd7 7. Ne2 cxd4 8. cxd4 f6 9. exf6 Qxf6 10. Nf3 h6 11. O-O Bd6 12. Ng3 O-O 13. Bb1 Rf7 14. Nh5 Qd8 15. Qd3 Nf8 16. Re1 Bd7 17. Ne5 Bxe5 18. dxe5 Rf5 19. Qh3 Qa5 20. Rd1 Rxe5 21. Bd2 Qb6 22. Nxg7 Kxg7 23. Qxh6+ Kf7 24. Bf4 Be8 25. Bxe5 Nxe5 26. Qh5+ Neg6 27. Bxg6+ Nxg6 28. Qh7+ Kf6 29. Rd3 Ke5 30. Rb3 Qc6 31. Re1+ Kd6 32. Rc3 Qd7 33. Qh3 e5 34. Qg3 Rc8 35. Rxc8 Qxc8 36. h4 Nf4 37. Qg5 Qe6 38. Qg3 Qg6 39. Qa3+ Ke6 40. g3 a6 41. Kh2 Nd3 42. Re2 e4 43. Qb3 Bb5 44. Rd2 Bc6 45. Qb6 Ne5 46. Kg1 Nf3+ 47. Kg2 Nxd2 48. Qd8 Qf7 49. Qg5 Qf3+ 50. Kh3 Qf5+ 51. Qxf5+ Kxf5 52. g4+ Kf4 0-1

[Event "XVII Orsha-2019 Open"]
[Site "Orsha"]
[Date "2019.01.18"]
[Round "2.28"]
[White "Ghevondyan, Arman"]
[Black "Semenov, Rinat"]
[Result "1-0"]
[WhiteElo "1679"]
[BlackElo "2081"]
[PlyCount "68"]
[EventDate "2019.01.18"]
[EventType "swiss"]
[EventCountry "BLR"]
[TimeControl "5400+30"]

1. Nf3 Nf6 2. g3 b5 3. Bg2 Bb7 4. d4 e6 5. O-O c5 6. a4 b4 7. c4 cxd4 8. Qxd4 Nc6 9. Qd1 Na5 10. Nbd2 Rc8 11. b3 d5 12. Ne5 Qc7 13. Bb2 Bd6 14. Nd3 dxc4 15. Bxb7 Qxb7 16. Nxc4 Nxc4 17. bxc4 Rxc4 18. Rc1 Rxc1 19. Qxc1 Be7 20. Qg5 O-O 21. Nf4 Qe4 22. e3 Rc8 23. Nh5 Qg6 24. Nxf6+ Bxf6 25. Bxf6 Qxf6 26. Qb5 Qc3 27. Rb1 a5 28. Qxa5 Rb8 29. Qa7 Qc8 30. Qe7 b3 31. Qa3 b2 32. a5 h5 33. h4 Qc2 34. Qa2 Rb3 1-0

[Event "XVII Orsha-2019 Open"]
[Site "Orsha"]
[Date "2019.01.18"]
[Round "2.29"]
[White "Ponikarovsky, Alexey"]
[Black "Volchkov, Ivan"]
[Result "1/2-1/2"]
[WhiteElo "2007"]
[BlackElo "1685"]
[PlyCount "48"]
[EventDate "2019.01.18"]
[EventType "swiss"]
[EventCountry "BLR"]
[TimeControl "5400+30"]

1. e4 c5 2. Nf3 Nc6 3. Nc3 g6 4. d4 cxd4 5. Nxd4 Bg7 6. Nde2 d6 7. g3 Bg4 8. Bg2 Nd4 9. O-O Nxe2+ 10. Nxe2 h5 11. h3 Bd7 12. c3 Qc8 13. Kh2 Nf6 14. f3 Qc7 15. Bg5 O-O-O 16. Qb3 Be6 17. Qa3 Qc5 18. Qxc5+ dxc5 19. Be3 b6 20. Rfe1 Bc4 21. Bf1 e5 22. b3 Bd3 23. Rad1 Bh6 24. Bxh6 Rxh6 1/2-1/2

[Event "XVII Orsha-2019 Open"]
[Site "Orsha"]
[Date "2019.01.18"]
[Round "2.30"]
[White "Naumovich, Yaroslav"]
[Black "Sokolov, Sergey"]
[Result "1/2-1/2"]
[WhiteElo "1915"]
[BlackElo "1756"]
[PlyCount "116"]
[EventDate "2019.01.18"]
[EventType "swiss"]
[EventCountry "BLR"]
[TimeControl "5400+30"]

1. Nf3 Nf6 2. d4 d5 3. e3 Bf5 4. Bd3 Bg6 5. c4 e6 6. Nc3 c6 7. Qc2 Nbd7 8. O-O Be7 9. e4 dxe4 10. Nxe4 O-O 11. Bf4 Nxe4 12. Bxe4 Nf6 13. Bxg6 hxg6 14. Rfd1 Re8 15. Rd3 Qa5 16. Be5 Rad8 17. a3 Bd6 18. Rad1 Qa6 19. R3d2 Rd7 20. h3 Red8 21. Ng5 c5 22. Bxf6 gxf6 23. Ne4 Be7 24. dxc5 Rxd2 25. Rxd2 Rxd2 26. Nxd2 Bxc5 27. b4 Be7 28. Qd3 Qc6 29. Nb3 b6 30. Kf1 f5 31. Nd4 Qd7 32. Ke2 a6 33. Nf3 Qc7 34. g4 fxg4 35. hxg4 Bf6 36. Qe4 Qc8 37. g5 Bg7 38. Nd2 Bb2 39. Qd3 Qc7 40. Ne4 Qe5 41. c5 bxc5 42. bxc5 Bxa3 43. c6 Be7 44. Qc4 Bd8 45. Kd3 a5 46. Nf6+ Kg7 47. Ne8+ Kf8 48. c7 Bxc7 49. Nxc7 Qxg5 50. Nb5 Qf5+ 51. Ke2 Qh5+ 52. Kd2 Qg5+ 53. Ke1 Qe5+ 54. Kf1 g5 55. Nd4 Qf4 56. Qc8+ Kg7 57. Qc3 Qf6 58. Qc4 Qf4 1/2-1/2

[Event "XVII Orsha-2019 Open"]
[Site "Orsha"]
[Date "2019.01.18"]
[Round "2.31"]
[White "Abrazevich, Yauheni"]
[Black "Gusenkova, Karina"]
[Result "1-0"]
[WhiteElo "1914"]
[BlackElo "1642"]
[PlyCount "95"]
[EventDate "2019.01.18"]
[EventType "swiss"]
[EventCountry "BLR"]
[TimeControl "5400+30"]

1. e4 c6 2. d4 d5 3. Nd2 g6 4. c3 Bg7 5. Ngf3 e6 6. e5 Ne7 7. Bd3 Nd7 8. O-O c5 9. Re1 Nc6 10. Bb1 cxd4 11. cxd4 O-O 12. Nb3 h6 13. Be3 Nb6 14. Qc1 Kh7 15. Bd3 a5 16. h4 Nb4 17. Bb1 Nc4 18. Bf4 a4 19. Nc5 b6 20. Nd3 Nc6 21. Bc2 Bd7 22. b3 axb3 23. axb3 N4a5 24. Bd2 Rc8 25. h5 Ne7 26. Qb1 Be8 27. Nf4 Rg8 28. hxg6+ fxg6 29. Nxe6 Qd7 30. Nxg7 Rxg7 31. Bxa5 bxa5 32. Rxa5 Nc6 33. Ra4 Qc7 34. Bd3 Ne7 35. Ra6 Qc3 36. b4 Rb8 37. b5 Qc8 38. Ra7 Qg4 39. Qb4 Nf5 40. Rea1 h5 41. Rxg7+ Kxg7 42. Ra7+ Kg8 43. Qc5 Nh4 44. Nxh4 Rc8 45. Qxd5+ Kh8 46. Nf3 Rc1+ 47. Bf1 Rc3 48. Qb7 1-0

[Event "XVII Orsha-2019 Open"]
[Site "Orsha"]
[Date "2019.01.18"]
[Round "2.32"]
[White "Dolgopyatov, Evgeniy"]
[Black "Bialiauski, Artsiom"]
[Result "1-0"]
[WhiteElo "1661"]
[BlackElo "1914"]
[PlyCount "151"]
[EventDate "2019.01.18"]
[EventType "swiss"]
[EventCountry "BLR"]
[TimeControl "5400+30"]

1. d4 Nf6 2. Nf3 e6 3. Bg5 c5 4. e3 Be7 5. c3 O-O 6. Nbd2 b6 7. Bd3 Bb7 8. O-O d6 9. Qc2 Nbd7 10. Rad1 Rc8 11. Qb1 Rc7 12. Rfe1 h6 13. Bxf6 Bxf6 14. e4 e5 15. dxe5 Nxe5 16. Nxe5 Bxe5 17. Nf3 Bf6 18. Bc4 Qe7 19. Qd3 Re8 20. Bd5 Bc8 21. Bb3 Rd8 22. h3 g5 23. e5 dxe5 24. Qg6+ Kf8 25. Rxd8+ Qxd8 26. Qxh6+ Bg7 27. Qxg5 Qxg5 28. Nxg5 c4 29. Bc2 f6 30. Ne4 Bf5 31. Rd1 Ke7 32. f3 b5 33. g4 Bh7 34. Kf2 a5 35. Bb1 b4 36. Nxf6 Bxf6 37. Bxh7 Rb7 38. Be4 Rb6 39. Rd2 Bh4+ 40. Ke2 b3 41. a4 Bg5 42. Rd5 Bc1 43. Rxe5+ Kd6 44. Rd5+ Ke7 45. Rc5 Bxb2 46. Rxc4 Bc1 47. h4 b2 48. Bb1 Rb3 49. g5 Ra3 50. Kd1 Rb3 51. f4 Rb8 52. h5 Rd8+ 53. Ke1 Rd2 54. h6 Rh2 55. h7 Be3 56. Bf5 Bb6 57. Rc8 Rh1+ 58. Ke2 Bd8 59. Rb8 Rh2+ 60. Kd3 Kd6 61. Kc4 Kc7 62. Rb5 Rh4 63. g6 Rxf4+ 64. Kd3 Bf6 65. Be4 Rh4 66. Rxb2 Rh3+ 67. Kc4 Rxc3+ 68. Kb5 Rc5+ 69. Kxc5 Bxb2 70. Kb5 Bc3 71. h8=Q Bxh8 72. Kxa5 Bf6 73. Kb5 Bg7 74. a5 Kd6 75. a6 Ke6 76. a7 1-0

[Event "XVII Orsha-2019 Open"]
[Site "Orsha"]
[Date "2019.01.18"]
[Round "2.33"]
[White "Vainerchuk, Barys"]
[Black "Slesareva, Miraslava"]
[Result "1-0"]
[WhiteElo "1907"]
[BlackElo "1626"]
[PlyCount "125"]
[EventDate "2019.01.18"]
[EventType "swiss"]
[EventCountry "BLR"]
[TimeControl "5400+30"]

1. e4 c5 2. Nf3 a6 3. c3 d5 4. exd5 Qxd5 5. d4 e6 6. Be2 Nf6 7. O-O Be7 8. c4 Qd8 9. Nc3 cxd4 10. Nxd4 O-O 11. Be3 e5 12. Nc2 Nc6 13. Nd5 Be6 14. Bb6 Qd7 15. Nce3 Bd8 16. Bc5 Re8 17. Nxf6+ Bxf6 18. Qxd7 Bxd7 19. Nd5 Bd8 20. Rfd1 Be6 21. Bf3 f5 22. b3 e4 23. Be2 Rc8 24. Nb6 Bxb6 25. Bxb6 Ne5 26. Rd2 Bd7 27. Rad1 Bc6 28. Be3 Rf8 29. Bf4 Ng6 30. Bd6 Rfe8 31. g3 Ne5 32. Bxe5 Rxe5 33. Rd6 Rce8 34. b4 e3 35. f4 R5e6 36. R6d3 g6 37. Rc3 Ba4 38. Rd4 Re4 39. Rxe4 Rxe4 40. Kf1 Bc6 41. Bd3 Re7 42. b5 axb5 43. cxb5 Bd5 44. a4 Kg7 45. a5 Kf6 46. a6 bxa6 47. bxa6 Bf3 48. Be2 Bd5 49. Bb5 Kf7 50. Bc4 Bxc4+ 51. Rxc4 e2+ 52. Ke1 Re6 53. Ra4 Re8 54. a7 Ra8 55. Kxe2 Ke6 56. Ke3 Kd5 57. Kd3 Kc5 58. Ra2 Kd5 59. Ra5+ Ke6 60. Kd4 Kd6 61. Ra6+ Kc7 62. Ke5 Kb7 63. Ra2 1-0

[Event "XVII Orsha-2019 Open"]
[Site "Orsha"]
[Date "2019.01.18"]
[Round "2.34"]
[White "Shaban, Aliaksandra"]
[Black "Gonov, Sergey"]
[Result "0-1"]
[WhiteElo "1482"]
[BlackElo "1905"]
[PlyCount "72"]
[EventDate "2019.01.18"]
[EventType "swiss"]
[EventCountry "BLR"]
[TimeControl "5400+30"]

1. e4 c5 2. Nf3 e6 3. d3 d5 4. Nbd2 Nc6 5. g3 f5 6. Qe2 fxe4 7. dxe4 d4 8. e5 Nh6 9. Ne4 Nf7 10. Bf4 Be7 11. Bg2 Qc7 12. O-O O-O 13. Ned2 g5 14. Nxg5 Bxg5 15. Qg4 Ncxe5 16. Bxe5 Qxe5 17. h4 h5 18. Qd1 Bxd2 19. Qxd2 Qf5 20. Rae1 Nd6 21. Kh2 e5 22. Bd5+ Kg7 23. Qa5 b6 24. Qa4 Bb7 25. Bxb7 Nxb7 26. f4 e4 27. Qc6 Rf7 28. Qxe4 Qxe4 29. Rxe4 Nd6 30. Re5 Re8 31. Rfe1 Rxe5 32. Rxe5 Nf5 33. Re2 Re7 34. Rxe7+ Nxe7 35. Kg2 Kf6 36. Kf3 Kf5 0-1

[Event "XVII Orsha-2019 Open"]
[Site "Orsha"]
[Date "2019.01.18"]
[Round "2.35"]
[White "Gabdrakipov, Kirill"]
[Black "Kulikov, Egor"]
[Result "1-0"]
[WhiteElo "1901"]
[BlackElo "1557"]
[PlyCount "107"]
[EventDate "2019.01.18"]
[EventType "swiss"]
[EventCountry "BLR"]
[TimeControl "5400+30"]

1. e4 c5 2. Nf3 b6 3. d4 cxd4 4. Nxd4 Bb7 5. Nc3 a6 6. f3 e6 7. Be3 d6 8. Qd2 Nd7 9. Nb3 Ngf6 10. Bf4 Nc5 11. Rd1 d5 12. exd5 Nxd5 13. Nxc5 Bxc5 14. Nxd5 Bxd5 15. c4 Bc6 16. Qc3 Qf6 17. Be5 Qh4+ 18. g3 Qe7 19. a3 f6 20. Bd4 Rd8 21. Be2 O-O 22. b4 Bxd4 23. Rxd4 e5 24. Rxd8 Rxd8 25. O-O Qb7 26. c5 bxc5 27. Qxc5 Bb5 28. Rd1 Rc8 29. Qe3 Bxe2 30. Qxe2 Qb6+ 31. Kg2 Qc6 32. Qa2+ Kf8 33. a4 Ke7 34. Rd2 Qc4 35. Qb1 g6 36. b5 axb5 37. axb5 Rb8 38. b6 Qc6 39. Qb4+ Ke6 40. Qb3+ Ke7 41. Rb2 h5 42. Qd3 f5 43. Qe3 Kf6 44. Re2 e4 45. Qd4+ Kf7 46. fxe4 Rxb6 47. Kh3 Qe6 48. Rf2 Rb5 49. Qa7+ Kf6 50. Qa8 Re5 51. Qf8+ Kg5 52. Kg2 Rxe4 53. h4+ Kg4 54. Qd8 1-0

[Event "XVII Orsha-2019 Open"]
[Site "Orsha"]
[Date "2019.01.18"]
[Round "2.36"]
[White "Karas, Andrei"]
[Black "Tsesler, Yakau"]
[Result "0-1"]
[WhiteElo "1422"]
[BlackElo "1895"]
[PlyCount "68"]
[EventDate "2019.01.18"]
[EventType "swiss"]
[EventCountry "BLR"]
[TimeControl "5400+30"]

1. c4 e6 2. g3 d5 3. Bg2 Nf6 4. Nf3 Nbd7 5. b3 Be7 6. O-O c6 7. Bb2 O-O 8. d3 b6 9. Nbd2 Bb7 10. Rc1 Rc8 11. d4 Re8 12. e3 a6 13. Qe2 b5 14. Rfd1 Bd6 15. Ne5 Qc7 16. Nd3 Qb8 17. c5 Bc7 18. f4 Kh8 19. Kf2 Ng8 20. h4 f6 21. Nf3 Nh6 22. Bh3 Rcd8 23. g4 Nf7 24. g5 e5 25. dxe5 fxe5 26. Bxd7 Rxd7 27. Ndxe5 Nxe5 28. Nxe5 Rde7 29. g6 h6 30. Qh5 Kg8 31. Ng4 Bxf4 32. Bd4 Bc8 33. Rc3 Rf8 34. Kg2 Rf5 0-1

[Event "XVII Orsha-2019 Open"]
[Site "Orsha"]
[Date "2019.01.18"]
[Round "2.37"]
[White "Staravoitava, Hanna"]
[Black "Masterova, Daria"]
[Result "1-0"]
[WhiteElo "1864"]
[BlackElo "1500"]
[PlyCount "37"]
[EventDate "2019.01.18"]
[EventType "swiss"]
[EventCountry "BLR"]
[TimeControl "5400+30"]

1. e4 e5 2. Nf3 Nf6 3. Nc3 Nc6 4. Be2 g6 5. d4 d6 6. Bg5 Bg7 7. dxe5 dxe5 8. Qxd8+ Kxd8 9. Nd5 Ne7 10. Nxf6 c6 11. Nxe5 Rf8 12. O-O-O+ Kc7 13. Bf4 b5 14. Nc4+ Kb7 15. Nd6+ Ka6 16. Nfe8 Rb8 17. Be3 Be5 18. Rd3 Rxe8 19. Ra3# 1-0

[Event "XVII Orsha-2019 Open"]
[Site "Orsha"]
[Date "2019.01.18"]
[Round "2.38"]
[White "Kolosovskaya, Olga"]
[Black "Borodulin, Pavel"]
[Result "1-0"]
[WhiteElo "1855"]
[BlackElo "1481"]
[PlyCount "79"]
[EventDate "2019.01.18"]
[EventType "swiss"]
[EventCountry "BLR"]
[TimeControl "5400+30"]

1. d4 Nf6 2. c4 e6 3. g3 Bb4+ 4. Bd2 Bxd2+ 5. Nxd2 O-O 6. Bg2 d6 7. e4 Nbd7 8. Ne2 c5 9. d5 e5 10. O-O b6 11. Nc3 a6 12. Qc2 Qc7 13. Rae1 Bb7 14. a4 Rab8 15. f4 Rfe8 16. Qd3 Ba8 17. Qf3 Qd8 18. Kh1 Kh8 19. Rg1 Qe7 20. h3 Bb7 21. Kh2 Bc8 22. Bf1 Bb7 23. Bd3 Ng8 24. Rg2 Rf8 25. f5 f6 26. g4 Nh6 27. Qe3 Nf7 28. Reg1 Rg8 29. Nf3 Rbe8 30. Be2 Nd8 31. Qf2 Ba8 32. Nd1 Nb7 33. Ne3 Na5 34. Nh4 Nf8 35. Bd1 Rb8 36. g5 fxg5 37. Rxg5 Rb7 38. f6 Qf7 39. fxg7+ Rxg7 40. Rf5 1-0

[Event "XVII Orsha-2019 Open"]
[Site "Orsha"]
[Date "2019.01.18"]
[Round "2.39"]
[White "Simonian, Anna"]
[Black "Loshakov, Dmitry"]
[Result "1/2-1/2"]
[WhiteElo "1289"]
[BlackElo "1852"]
[PlyCount "160"]
[EventDate "2019.01.18"]
[EventType "swiss"]
[EventCountry "BLR"]
[TimeControl "5400+30"]

1. e4 c5 2. Nf3 Nc6 3. d4 cxd4 4. Nxd4 Nf6 5. Nc3 e5 6. Ndb5 d6 7. Bg5 a6 8. Na3 b5 9. Nd5 Be7 10. Bxf6 Bxf6 11. c4 b4 12. Nc2 a5 13. Be2 O-O 14. O-O Bg5 15. Nce3 Be6 16. Bg4 Nd4 17. Rc1 f5 18. exf5 Bxd5 19. cxd5 Ra7 20. Rc4 Qb6 21. Qd3 Raf7 22. Kh1 Rf6 23. Rfc1 g6 24. Rc7 Qb5 25. Qxb5 Nxb5 26. Rb7 Nd4 27. Rcc7 R8f7 28. Rxf7 Rxf7 29. Rxf7 Kxf7 30. fxg6+ hxg6 31. Nc4 Ke7 32. Nxa5 Bc1 33. Nc4 Nc2 34. Kg1 Ne1 35. a3 Nd3 36. Be2 Nxb2 37. Nxb2 bxa3 38. Bc4 axb2 39. Ba2 g5 40. Kf1 Kd7 41. Ke2 Kc7 42. Kd3 Kb6 43. Kc4 Ka5 44. Kb3 Kb5 45. Kc2 Kb4 46. h3 Kc5 47. Kd3 Bf4 48. Ke4 Bd2 49. Kd3 Be1 50. f3 Kb4 51. Kc2 Bc3 52. Kd3 Bd4 53. Kc2 Kc5 54. Kd3 Bf2 55. Kc2 Kb4 56. Kd3 Ka3 57. Bb1 Kb3 58. Kd2 Kc4 59. Be4 Bc5 60. Kc2 Ba3 61. Kd2 Bb4+ 62. Kc2 Bc3 63. Kd1 Kb3 64. Bb1 Bb4 65. Ke2 Kc3 66. Ke3 Bc5+ 67. Ke2 Bg1 68. Be4 Bh2 69. Bb1 Bg3 70. Be4 Kd4 71. Kd2 Bf4+ 72. Ke2 Bc1 73. Kf2 Be3+ 74. Ke2 Bf4 75. Kf2 b1=Q 76. Bxb1 Kxd5 77. Ba2+ Kd4 78. Bb1 d5 79. Ke2 Bg3 80. Bc2 Kc3 1/2-1/2

[Event "XVII Orsha-2019 Open"]
[Site "Orsha"]
[Date "2019.01.18"]
[Round "2.40"]
[White "Ivanov, Igor"]
[Black "Vlasov, Andrey"]
[Result "1-0"]
[WhiteElo "2131"]
[BlackElo "2316"]
[PlyCount "48"]
[EventDate "2019.01.18"]
[EventType "swiss"]
[EventCountry "BLR"]
[TimeControl "5400+30"]

1. c4 c6 2. g3 d5 3. Qc2 Nf6 4. Bg2 e6 5. Nf3 Nbd7 6. O-O dxc4 7. Qxc4 Nb6 8. Qb3 Bd6 9. d4 O-O 10. Nc3 Re8 11. e4 Bc7 12. Rd1 h6 13. Qc2 Qe7 14. b3 Bd7 15. a4 a5 16. Ba3 Bd6 17. Bxd6 Qxd6 18. e5 Qe7 19. exf6 Qxf6 20. Ne5 Rad8 21. Ne4 Qe7 22. Qc5 Qxc5 23. dxc5 Nd5 24. Nd6 Rb8 1-0

[Event "XVII Orsha-2019 Open"]
[Site "Orsha"]
[Date "2019.01.19"]
[Round "3"]
[White "Fedorov, Alexei"]
[Black "Vorobjov, Pavel"]
[Result "1/2-1/2"]
[WhiteElo "2557"]
[BlackElo "2296"]
[Annotator "TA"]
[PlyCount "66"]
[EventDate "2019.01.18"]
[EventType "swiss"]
[EventCountry "BLR"]
[SourceTitle "playchess.com"]
[Source "ChessBase"]
[SourceQuality "1"]

{[%evp 14,66,0,-1,14,14,11,0,20,11,0,-11,0,0,8,-6,6,-17,0,-25,36,42,41,45,50,41,39,51,23,24,78,32,37,16,59,35,36,36,38,38,38,35,29,22,28,28,26,0,0,0,0,0,0,0,0]} 1. e4 c5 2. Nc3 Nc6 3. Nf3 Nf6 4. Bb5 Nd4 5. Bc4 d6 6. h3 e6 7. O-O Be7 8. d3 Nxf3+ {B30: Sicilian: 2...Nc6 3 Bb5, lines without ...g6} 9. Qxf3 O-O 10. a3 $146 ({Predecessor:} 10. Bf4 Bd7 11. e5 {½-½ (11) Hazai,L (2440)-Horvath,T Zalaegerszeg 1977}) 10... Qc7 11. Bf4 a6 12. Ba2 Bd7 13. Ne2 Bc6 14. Ng3 Rfe8 15. Rad1 Rad8 16. c3 h6 (16... Qb6 $11 17. Qe2 h6) 17. d4 $14 cxd4 18. cxd4 e5 19. Be3 d5 $1 {[%cal Rd5e4]} 20. Nf5 Nxe4 {[#]} 21. Bxh6 $1 {[%mdl 512]} g6 (21... gxh6 22. Nxh6+) 22. Nxe7+ Qxe7 23. Be3 exd4 24. Bxd4 Bb5 25. Rfe1 {[#] Hoping for Qf4.} Nd2 $1 {[%cal Rd2f3]} 26. Qe3 Qxe3 27. Bxe3 Bc4 28. Bxc4 Nxc4 29. Bd4 Re6 30. a4 Rde8 {The position is equal.} 31. Rxe6 fxe6 32. b3 Na5 33. Rd3 Nc6 {Precision: White = 49%, Black = 60%.} 1/2-1/2

[Event "XVII Orsha-2019 Open"]
[Site "Orsha"]
[Date "2019.01.19"]
[Round "3"]
[White "Zabotin, Alexander"]
[Black "Cherepov, Alexej"]
[Result "1-0"]
[WhiteElo "2484"]
[BlackElo "2226"]
[Annotator "TA"]
[PlyCount "95"]
[EventDate "2019.01.18"]
[EventType "swiss"]
[EventCountry "BLR"]
[SourceTitle "playchess.com"]
[Source "ChessBase"]
[SourceQuality "1"]

{[%evp 25,95,-20,-26,-7,16,-27,2,0,0,0,0,0,0,0,0,-41,-31,-73,-16,-31,-32,-22,62,53,75,55,52,48,128,146,140,132,156,152,257,285,288,288,288,288,288,288,288,290,347,266,392,379,471,462,438,350,327,322,787,731,765,788,1185,1175,1233,1240,5257,5127,29984,29985,29985,29986,29986,29987,29991,29992]} 1. d4 d5 2. c4 c6 3. e3 Nf6 4. Nf3 e6 5. Nc3 Nbd7 6. Qc2 Bd6 7. Be2 O-O 8. b3 b6 9. O-O Bb7 10. e4 dxe4 11. Nxe4 Nxe4 12. Qxe4 Nf6 {D45: Semi-Slav: 5 e3} 13. Qc2 (13. Qh4 c5 14. Rd1 Ne4 15. Qxd8 Rfxd8 16. Bb2 cxd4 17. Bxd4 Ba3 18. Kf1 f6 19. Rd3 e5 20. Be3 Rxd3 21. Bxd3 {½-½ (43) Bu,X (2730)-Dreev,A (2653) Riadh 2017}) 13... c5 {LiveBook: 8 Games} 14. Bb2 Qe7 {The position is equal.} 15. Rfe1 $146 ({Predecessor:} 15. Rad1 Rfd8 {½-½ (15) Nagy,G (2383)-Bagi,M (2417) Kecskemet 2015}) 15... h6 16. Rad1 Be4 17. Qc1 cxd4 18. Nxd4 Bb4 19. Bc3 Ba3 20. Qe3 e5 $1 {[%cal Re5d4]} 21. Nf3 {[#]} Bc5 (21... Bc2 $1 $17 {...Ng4 is the strong threat.} 22. Nxe5 Bxd1 23. Rxd1 Rfe8) 22. Qc1 $11 Ng4 23. Rf1 Bb7 (23... f5 $11) 24. h3 $14 e4 25. Nd4 Ne5 26. Nf5 Qe6 ({Black should try} 26... Qf6 $1 $14 27. Bg4 h5) 27. Qf4 $40 {[%mdl 128] White attacks with force.} Rfe8 28. Bg4 Qf6 {[#]} 29. Rd7 $1 {[%mdl 512]} Bc6 (29... Bc8 $16 30. Bxe5 Rxe5 31. Nxh6+ Kh7 32. Qxf6 gxf6 33. Nxf7 Bxd7 34. Nxe5 (34. Bxd7 $2 Re7 $19 {[%mdl 64] Double Attack}) 34... fxe5 35. Bxd7 e3) (29... Nxd7 30. Bxf6) 30. Rc7 $18 {aiming for Bxe5.} Bd6 {[#]} 31. Rxc6 $1 {[%mdl 512]} Nxc6 32. Qxd6 ({Not} 32. Bxf6 Bxf4 33. Nxg7 Rf8 $16) 32... Qxc3 33. Qxc6 Rad8 34. Ne3 Qe5 35. b4 g6 (35... Rd4 $142 36. Qa4 a5 37. bxa5 bxa5) 36. Bd7 {Hoping for Ng4.} Rf8 37. Rd1 Kg7 38. Rd6 Qa1+ 39. Kh2 Qxa2 $2 (39... Qe5+ 40. Kg1 Qb2 41. Qxe4 Qxb4) 40. Qxe4 Qb2 41. Nd5 Kh7 42. c5 bxc5 43. bxc5 {[%cal Bb4c5,Bc5c6][%mdl 32]} Qxf2 44. Nf6+ Kh8 45. Qe5 {White mates.} Qh4 46. c6 Qg5 47. Qd4 h5 48. Ne4+ {Accuracy: White = 79%, Black = 41%.} 1-0

[Event "XVII Orsha-2019 Open"]
[Site "Orsha"]
[Date "2019.01.19"]
[Round "3"]
[White "Zarubitski, Viachaslau"]
[Black "Siniauski, Artsiom"]
[Result "1-0"]
[WhiteElo "2415"]
[BlackElo "2182"]
[Annotator "TA"]
[PlyCount "116"]
[EventDate "2019.01.18"]
[EventType "swiss"]
[EventCountry "BLR"]
[SourceTitle "playchess.com"]
[Source "ChessBase"]
[SourceQuality "1"]

{[%evp 28,116,57,56,59,70,70,79,113,122,191,121,135,130,144,122,140,134,125,133,137,152,173,112,168,160,170,172,211,177,241,245,233,234,225,224,212,222,238,179,347,196,258,255,260,232,333,333,333,329,425,352,331,342,347,347,351,346,345,327,402,399,399,399,399,397,385,380,419,424,649,649,616,577,475,360,334,310,380,375,904,904,29973,29974,29974,29975,29972,29973,29974,29975,29974]} 1. e4 e6 2. d4 d5 3. Nd2 Nf6 4. e5 Nfd7 5. c3 c5 6. Bd3 Nc6 7. Ne2 cxd4 8. cxd4 f6 9. exf6 Nxf6 10. O-O Bd6 11. Nf3 Qc7 12. h3 O-O 13. Be3 {C06: French Tarrasch: 3...Nf6 4 e5 Nfd7 5 Bd3 main lines} Bd7 14. Re1 a6 (14... Be8 15. Ng5 Bf7 16. Rc1 Kh8 17. a3 Bg8 18. b4 a6 19. g3 h6 20. Nf4 Bxf4 21. Bxf4 {1-0 (38) Navara,D (2729)-Michiels,B (2563) Wijk aan Zee 2015}) 15. Rc1 {LiveBook: 4 Games. White is slightly better.} Qb6 16. Qd2 Nb4 $146 ({Predecessor:} 16... Rac8 17. Nc3 Qd8 18. a3 Na5 19. Qe2 Qb6 20. Ne5 Nb3 {1-0 (64) Boada Llombart,J-Baldomero Garcia,J AEAC email 2000}) 17. Bb1 $1 Ne4 18. Qd1 a5 {[#]} (18... Nf6 $16) 19. Nc3 (19. a3 $1 $18) 19... Nf6 $16 20. a3 Nc6 21. Na4 Qc7 22. Nc5 Bxc5 23. Rxc5 Rac8 24. Qd2 Qb6 25. Ng5 ({Better is} 25. Ne5 $18) 25... Ne7 (25... h6 $16 {keeps fighting.}) 26. Rxa5 $18 Nf5 27. Rc5 Nd6 28. Qc2 Nde4 (28... Nf5 $142 29. g4 Nh4) 29. Nxe4 Nxe4 30. f3 Nf6 31. Bg5 {[%cal Be3g5,Bg5d2,Bd2c3][%mdl 32]} Rxc5 32. dxc5 (32. Qxc5 Qxb2 33. Kh1 Qf2 $14) 32... Qa5 33. Re5 $40 {[%mdl 128] White has strong attack.} Be8 $2 (33... Ne4 34. b4 (34. fxe4 $2 Qe1+ 35. Kh2 Rf1 $19) 34... Qc7 35. Rxe4 dxe4) 34. Qf2 ({Not} 34. Bxf6 Bg6 $16) (34. Rxe6 $142 Bg6 35. Qc1) 34... h6 (34... Bf7 $142 35. Bd2 Qa4) 35. Bd2 Qb5 36. Qd4 ({Don't do} 36. Rxe6 $6 Qxb2 37. Rb6 Bb5 $16) 36... Nd7 (36... Bf7 {was necessary.} 37. Bc3 Ra8) 37. Rxe6 Qxc5 38. Bc3 b5 39. Ba2 Bf7 {[#]} 40. Rd6 $1 {[%mdl 512]} Qxd4+ (40... Qxd6 41. Qxg7#) 41. Bxd4 Nf6 42. Bxf6 gxf6 43. Bxd5 {[%mdl 4096] Endgame KRB-KRB} b4 44. axb4 Rb8 45. Bxf7+ Kxf7 {KR-KR} 46. Rd4 Ke6 47. Kf2 Rc8 48. Re4+ Kf5 (48... Kf7 $142 49. Ke3 Rc2) 49. b5 Rc2+ 50. Re2 Rc5 51. b4 {[%cal Bb2b4,Bb4b5,Bb5b6,Bb6b7][%mdl 32]} Rxb5 52. Rb2 Kf4 53. Ke2 Rd5 $2 (53... Ke5 54. Kd3 Kd5) 54. b5 Kg3 55. b6 {White mates.} Rd8 56. b7 Rb8 57. Ke3 h5 58. Ke4 h4 {Accuracy: White = 74%, Black = 30%.} 1-0

[Event "XVII Orsha-2019 Open"]
[Site "Orsha"]
[Date "2019.01.19"]
[Round "3"]
[White "Mihajlovskij, Sergei"]
[Black "Moskalenko, Alexander"]
[Result "0-1"]
[WhiteElo "2406"]
[BlackElo "2517"]
[Annotator "TA"]
[PlyCount "48"]
[EventDate "2019.01.18"]
[EventType "swiss"]
[EventCountry "BLR"]
[SourceTitle "playchess.com"]
[Source "ChessBase"]
[SourceQuality "1"]

{[%evp 18,48,0,0,0,-25,-21,-21,-28,-34,-6,-72,-58,-78,-43,-54,-27,-161,-21,-219,-33,-30,-40,-67,-67,-94,-69,-63,-41,-83,-60,-646,-627]} 1. Nf3 d5 2. c4 e6 3. e3 Nf6 4. Nc3 c6 5. Qc2 Nbd7 6. b3 Bd6 7. Bb2 O-O 8. Rg1 {A11: English Opening: 1...c6} (8. Be2 Qe7 9. O-O b6 10. cxd5 cxd5 11. Nb5 Ba6 12. Qd1 Bxb5 13. Bxb5 a6 14. Be2 Ba3 15. Qc1 Bxb2 16. Qxb2 {½-½ (33) Ivanchuk,V (2728)-Duda,J (2707) Tbilisi 2017}) 8... e5 9. cxd5 Nxd5 10. Ne4 {LiveBook: 18 Games. The position is equal.} Qe7 11. Nxd6 Qxd6 12. g4 Re8 13. d3 $146 ({Predecessor:} 13. a3 e4 14. Nd4 N7f6 15. g5 Ng4 {½-½ (31) Ventura Bolet,M (1957)-Shatko,D (2125) Mollet del Valles 2011}) 13... Nb4 14. Qb1 (14. Qd2 $11) 14... Qc5 15. Kd2 Qd6 {Threatens to win with ...e4.} 16. a3 Nd5 {[%cal Bb4d5,Bd5f6,Bf6d5][%mdl 32]} (16... e4 $5 17. Ng5 Na6 $11) 17. Qc2 (17. Ke1 $11) 17... a5 (17... e4 $1 $19 {[%cal Re4f3]} 18. Ne1 N7f6) 18. Rc1 $2 {[#]} (18. Ke1 $11 {and White is okay.}) 18... c5 $2 ({Black should try} 18... e4 $1 $19 {[%cal Re4f3][%mdl 512]} 19. Nd4 (19. dxe4 Nb4+) 19... exd3 20. Qxd3 Ne5) 19. Ng5 N5f6 20. Qc4 Qe7 21. h4 b6 22. Ke1 Ba6 23. Qc3 Rad8 24. h5 $2 {[%mdl 8192]} (24. Qc2 $15) 24... Nd5 $1 {[%csl LRc3,LRg5][%mdl 64] Discovered Attack (Double check). Accuracy: White = 24%, Black = 44%.} 0-1